[Event "St Therese Outaouais-Laurentides m1"]
[Site "St Therese"]
[Date "1994.05.07"]
[Round "1"]
[White "Tremblay, Michel"]
[Black "Bolduc, Patrick"]
[Result "0-1"]
[WhiteElo "1209"]
[BlackElo "1270"]
[PlyCount "52"]
[EventDate "1994.05.07"]
[EventType "team-match"]
[EventRounds "2"]
[EventCountry "CAN"]
[SourceTitle "EXT 2022"]
[Source "ChessBase"]
[SourceDate "2021.10.06"]
[SourceVersion "1"]
[SourceVersionDate "2021.10.06"]
[SourceQuality "1"]

1. e4 c5 2. Nf3 Nc6 3. d4 cxd4 4. Nxd4 Nf6 5. Nc3 g6 6. Be3 Bg7 7. h3 0-0 8. Qd2 d5 9. Nxc6 bxc6 10. exd5 Nxd5 11. Nxd5 cxd5 12. 0-0-0 Bf5 13. Bd3 Qb8 14. c3 d4 15. cxd4 Rc8+ 16. Kb1 Bxd3+ 17. Qxd3 Qb6 18. Rc1 Rab8 19. Rxc8+ Rxc8 20. Rd1 a5 21. Qa3 Qc6 22. Rc1 Qe4+ 23. Ka1 Rxc1+ 24. Bxc1 e6 25. f3 Qc2 26. Be3 Qd1+ 0-1